[Event "Wloclawek-ch"]
[Site "Wloclawek"]
[Date "2018.??.??"]
[Round "8"]
[White "Papis, Patryk"]
[Black "Matusiak, Marcin"]
[Result "1/2-1/2"]
[WhiteElo "1345"]
[BlackElo "1621"]
[PlyCount "118"]
[EventDate "2018.09.??"]
[EventType "swiss"]
[EventRounds "9"]
[EventCountry "POL"]
[SourceTitle "EXT 2021"]
[Source "ChessBase"]
[SourceDate "2020.10.23"]
[SourceVersion "1"]
[SourceVersionDate "2020.10.23"]
[SourceQuality "1"]

1. d4 d5 2. c4 e6 3. Nc3 Nf6 4. cxd5 exd5 5. Bg5 Be7 6. e3 c6 7. Bd3 h6 8. Bh4 Qb6 9. Qc2 a5 10. Bxf6 Bxf6 11. Nxd5 Qd8 12. Nxf6+ Qxf6 13. Nf3 Be6 14. 0-0 0-0 15. Rac1 Nd7 16. Nd2 Qe7 17. Rfd1 Rfd8 18. Bf5 Bxf5 19. Qxf5 Nf6 20. Nb3 Rd5 21. Qf3 Ne4 22. Nd2 Nxd2 23. Rxd2 Qb4 24. Rdc2 Rad8 25. g3 R8d6 26. Qe4 Re6 27. Qd3 Qd6 28. Rc5 Rf6 29. Qe4 Rff5 30. g4 Rxc5 31. dxc5 Rxc5 32. Qe8+ Kh7 33. Rxc5 Qxc5 34. Qxf7 Qc1+ 35. Kg2 Qxb2 36. Qf5+ Kh8 37. Qxa5 Qb1 38. Qa4 c5 39. Qc4 b6 40. a4 Qb4 41. Qf4 c4 42. h4 Qc5 43. g5 hxg5 44. hxg5 Qc6+ 45. f3 c3 46. Qf8+ Kh7 47. Qf5+ Kg8 48. g6 Qc7 49. Qd5+ Kf8 50. Qa8+ Ke7 51. Qg8 Kd6 52. e4 Qc5 53. Qxg7 Qg5+ 54. Kf1 Qc1+ 55. Kg2 Qg5+ 56. Kh3 Qh5+ 57. Kg2 Qg5+ 58. Kh3 Qh5+ 59. Kg2 Qg5+ 1/2-1/2

[Event "Wloclawek-ch"]
[Site "Wloclawek"]
[Date "2015.??.??"]
[Round "1"]
[White "Lapinski, Jerzy"]
[Black "Papis, Patryk"]
[Result "0-1"]
[WhiteElo "1547"]
[BlackElo "1600"]
[PlyCount "106"]
[EventDate "2015.09.??"]
[EventType "swiss"]
[EventRounds "9"]
[EventCountry "POL"]
[SourceTitle "EXT 2021"]
[Source "ChessBase"]
[SourceDate "2020.10.23"]
[SourceVersion "1"]
[SourceVersionDate "2020.10.23"]
[SourceQuality "1"]

1. d4 Nf6 2. c4 e6 3. Nf3 d5 4. Nc3 Bb4 5. Bg5 Nbd7 6. cxd5 exd5 7. Rc1 0-0 8. a3 Be7 9. e3 Re8 10. Bd3 a5 11. Bf4 c6 12. 0-0 Nh5 13. Ne2 Nxf4 14. Nxf4 Nf6 15. h3 Bd6 16. Ne2 Ne4 17. Qc2 Qf6 18. Nc3 Bf5 19. Nh2 Qg6 20. Kh1 b5 21. Nxe4 dxe4 22. Be2 Bd7 23. Qb3 a4 24. Qc3 Qg5 25. Rcd1 Bc7 26. Ng4 f6 27. d5 Bxg4 28. Bxg4 f5 29. Be2 Be5 30. Qc2 cxd5 31. Rxd5 Re6 32. Bxb5 Rg6 33. Rg1 f4 34. Qxe4 f3 35. Qxf3 Rf8 36. Qe2 Qf6 37. Bc4 Kh8 38. Rb5 Bd6 39. f4 Re8 40. Bd3 Rg3 41. e4 Qxf4 42. Rf5 Qh4 43. Rh5 Qf4 44. Rf1 Qe3 45. Rxh7+ Kxh7 46. Qh5+ Qh6 47. Qxe8 Rxh3+ 48. Kg1 Rh1+ 49. Kf2 Bc5+ 50. Kg3 Qg5+ 51. Kf3 Qf6+ 52. Kg3 Bd6+ 53. Kg4 Rh4# 0-1

[Event "Wloclawek-ch"]
[Site "Wloclawek"]
[Date "2014.??.??"]
[Round "1"]
[White "Papis, Patryk"]
[Black "Rafalski, Kacper"]
[Result "0-1"]
[WhiteElo "1000"]
[BlackElo "1335"]
[PlyCount "100"]
[EventDate "2014.09.??"]
[EventType "swiss"]
[EventRounds "9"]
[EventCountry "POL"]
[SourceTitle "EXT 2021"]
[Source "ChessBase"]
[SourceDate "2020.10.23"]
[SourceVersion "1"]
[SourceVersionDate "2020.10.23"]
[SourceQuality "1"]

1. d4 d5 2. c4 c6 3. Nc3 Nf6 4. Nf3 Bf5 5. e3 e6 6. Be2 dxc4 7. Bxc4 Bb4 8. 0-0 0-0 9. Qb3 Qb6 10. a3 Bd6 11. Re1 Bg4 12. Qxb6 axb6 13. e4 Bc7 14. b4 b5 15. Bd3 Nbd7 16. Bb2 Rfe8 17. Nd2 Rad8 18. Nd1 Bb6 19. Ne3 Bh5 20. Nb3 Ne5 21. Bc2 Nc4 22. Bc1 Bxd4 23. Nxd4 Rxd4 24. Nxc4 Rxc4 25. Bd3 Rd4 26. Re3 Nxe4 27. Bb2 Rxd3 28. Rxd3 b6 29. f3 Nf6 30. Bxf6 gxf6 31. Rad1 Bg6 32. Rd8 Kf8 33. Rxe8+ Kxe8 34. Rd6 c5 35. Rxb6 cxb4 36. axb4 Bd3 37. Kf2 f5 38. Ke3 Bc4 39. Kd4 Kd7 40. Rb7+ Kc6 41. Rxf7 e5+ 42. Kxe5 Bxf7 43. Kxf5 Kd5 44. Kf6 Bg6 45. f4 Kc4 46. g4 Kxb4 47. f5 Kc3 48. Ke6 b4 49. f6 b3 50. f7 Bxf7+ 0-1